000 00343nam a2200145Ia 4500
008 150201s1976 xx 000 0 und d
082 _a617.6
_bM1976B
100 _aBIRD L.DONI
245 _aMODERN DENTAL ASSISTING
250 _a8TH
260 _bELSEVIER
_aDELHI
_c1976
300 _a1-1122
650 _aGENERAL DENTISTRY
942 _2ddc
_cBK
999 _c3462
_d3462